00950nam a2200277Ia 450000500170000000800270001702000180004410000300006224500730009225000350016530000260020053400140022660000660024065000410030665000390034765000330038670000620041994200150048126400270049633600270052333700330055033800280058304000350061108400110064699900150065720220317000336.0141031s9999 ck 000 0 spa d a97884206534261 aJoyce, James, d1882-194110aDublineses cJames Joyce ; traducción de Guillermo Cabrera Infante a3a ediciónb2a reimpresión a232 páginasc23 cm. tDubliners14aJoyce, Jamesd1882-1941 xCrítica e Interpretación916844142LEMBaLiteratura irlandesaySiglo XX142LEMBaCuentos irlandesesySiglo XX142LEMBaHistorias de aventuras1 aCabrera Infante, Guillermo, d1929-2005etraductor910334 2loccBKLIT aMadrid bAlianzac2013 atextobtxt2rdacontent asin mediaciónbn2rdamedia avolumenbnc2rdacarrier aCO-BoRNBPbspaerdacCO-BoRNBP aC JOY1 c3778d3778